Click the Odd Translation - Statistics

General Stats
  • This quiz has been taken 4,552 times
    3,910 since last reset
  • The average score is 11 of 15
Answer Stats
Question Answer % Correct
Which is the odd one out? Hayır
90%
Which is the odd one out? Templom
89%
Which is the odd one out? Vaarwel
87%
Which is the odd one out? Citroen
86%
Which is the odd one out? Piccolo
85%
Which is the odd one out? Fogo
84%
Which is the odd one out? Björn
71%
Which is the odd one out? Cama
71%
Which is the odd one out? Schwarz
67%
Which is the odd one out? Sole
66%
Which is the odd one out? Gato
63%
Which is the odd one out? Gleann
62%
Which is the odd one out? Chaussure
60%
Which is the odd one out? Boisson
58%
Which is the odd one out? Krieg
54%
No matching quizzes found
Score Distribution
Percent of People with Each Score
Percentile by Number Answered
Your Score History
You have not taken this quiz since the last reset